LEADER 01209nam a2200277 i 4500 001 991001039029707536 008 110202s2010 it 000 0 ita d 020 $a9788887479119 035 $ab13950824-39ule_inst 040 $aBiblioteca Interfacoltà$bita 082 04$a620.009 245 00$aStoria dell'ingegneria :$batti del 3. Convegno nazionale : Napoli, 19-20-21 aprile 2010 /$ca cura di Salvatore D'Agostino ; comitato di redazione: Alfredo Buccaro, Francesca Romana d'Ambrosio, Giulio Fabricatore 260 $aNapoli :$bCuzzolin,$c2010 300 $a2 v. ;$c25 cm. 650 4$aIngegneria$xStoria 700 1 $aBuccaro, Alfredo 700 1 $aFabricatore, Giulio 700 1 $aD'Ambrosio, Francesca Romana 700 1 $aD'Agostino, Salvatore 907 $a.b13950824$b02-04-14$c02-02-11 912 $a991001039029707536 945 $aLE002 620.009 STO$cv. 1$g1$i2002000621191$lle002$og$pE0.00$q-$rl$s- $t0$u0$v0$w0$x0$y.i15224958$z02-02-11 945 $aLE002 620.009 STO$cv. 2$g1$i2002000621207$lle002$og$pE0.00$q-$rl$s- $t0$u0$v0$w0$x0$y.i1522496x$z02-02-11 996 $aStoria dell'ingegneria$9251096 997 $aUNISALENTO 998 $ale002$b02-02-11$cm$da $e-$fita$git $h0$i0